|
|
|
|
| LEADER |
00917nam a22001937a 4500 |
| 008 |
161022b xxu||||| |||| 00| 0 eng d |
| 020 |
|
|
|a 9789385725944
|
| 082 |
|
|
|a 320.5322
|b RAD
|
| 100 |
|
|
|a രാധാകൃഷ്ണന്, കെ. എസ്.
|
| 240 |
|
|
|a Marxisavum advaitha vedanthavum
|
| 245 |
|
|
|a മാര്ക്സിസവും അദ്വൈതവേദാന്തവും /
|c കെ. എസ്. രാധാകൃഷ്ണന്
|
| 250 |
|
|
|a 1st ed.
|b Reprint.
|
| 260 |
|
|
|a കോട്ടയം :
|b സാഹിത്യപ്രവര്ത്തക സഹകരണസംഘം,
|c 1991. (2015)
|
| 300 |
|
|
|a 188p.
|
| 650 |
|
|
|a Marxism
|
| 700 |
|
|
|a Radhakrishnan, K. S.
|
| 942 |
|
|
|2 ddc
|c BK
|
| 999 |
|
|
|c 15632
|d 15632
|
| 952 |
|
|
|0 0
|1 0
|2 ddc
|4 0
|6 320_532200000000000_RAD
|7 0
|9 22041
|a MAIN
|b MAIN
|d 2016-10-22
|e National Book Stall
|g 160.00
|l 1
|o 320.5322 RAD
|p 21870
|r 2017-12-13
|s 2017-12-12
|t 1
|w 2016-10-22
|y BK
|